| 000 | 00723nam a22002297a 4500 | ||
|---|---|---|---|
| 003 | 0 | ||
| 005 | 20240618111049.0 | ||
| 008 | 220725b xxu||||| |||| 00| 0 eng d | ||
| 020 | _a978-621-04-3463-7 | ||
| 050 |
_aTX911.3 _b.P65 2021 |
||
| 100 | _aPolicarpio, John Ericson | ||
| 245 |
_aFundamentals in lodging operations _cJohn Ericson Policarpio |
||
| 250 | _a1st. ed. | ||
| 260 |
_aManila _bRex book store Inc., _c2021 |
||
| 300 |
_ax,229pp. _c25cm. _eIncludes bibliography and index. _fBook |
||
| 500 | _aHospitality industry--management. | ||
| 500 | _aLodges. | ||
| 504 | _aIncludes bibliographical references and index. | ||
| 650 | _aHospitality industry--management. | ||
| 650 | _aLodges. | ||
| 942 |
_2lcc _cBK |
||
| 999 |
_c364746 _d364746 |
||